Flags with Animals on Them - Statistics

General Stats
  • This quiz has been taken 31 times
  • The average score is 11 of 12
Answer Stats
Picture Answer % Correct
Albania
100%
Serbia
100%
Mexico
96%
Sri Lanka
96%
Bhutan
92%
Egypt
92%
Kazakhstan
92%
Uganda
88%
Papua New Guinea
81%
Kiribati
77%
Montenegro
77%
Zambia
77%
No matching quizzes found
Score Distribution
Percent of People with Each Score
Percentile by Number Answered
Your Score History
You have not taken this quiz